000 00498nam a2200145Ia 4500
008 100122s9999 xx 000 0 und d
082 _b41280
_a291.211
100 _aदेवळे शं रा
245 _aआपले देव आपली दैवते- 2
260 _bशकुन प्रकाशन
_c1987
300 _a120
630 _aआपले देव आपली दैवते- 2
730 _aआपले देव आपली दैवते- 2
942 _cBOOK
999 _c421945
_d421942